[Event "47th GER-ch Blitz 2020"]
[Site "Magdeburg"]
[Date "2020.08.15"]
[Round "1.11"]
[White "Dobrikov, Marco"]
[Black "Hess, Max"]
[Result "0-1"]
[WhiteElo "2290"]
[BlackElo "2378"]
[Annotator "TA"]
[PlyCount "68"]
[EventDate "2020.07.28"]
[EventType "tourn"]
[EventCountry "GER"]
[SourceTitle "playchess.com"]
[Source "ChessBase"]
[SourceQuality "1"]

{[%evp 17,68,37,44,44,54,34,37,20,60,50,59,-20,-16,-18,-15,-35,-36,-28,-10,-58,0,-6,0,0,0,0,14,15,31,22,14,0,0,-88,-103,-95,-12,-38,-10,-79,-78,-119,-11,-339,-337,-441,-438,-1305,-1108,-1025,-464,-29998,-29999]} 1. e4 c5 2. Nf3 e6 3. d4 cxd4 4. Nxd4 Nc6 5. Nc3 Qc7 6. Be3 a6 7. Bd3 Nf6 8. O-O Nxd4 9. Bxd4 Bc5 10. Be2 {B48: Sicilian: Taimanov: 5 Nc3 Qc7 6 Be3 a6 without Be2.} d6 {10...e5 is not played anymore.} 11. Bxc5 Qxc5 12. Qd3 {White is slightly better.} O-O 13. Rad1 Rd8 {[#]} 14. Kh1 $146 ({Better is} 14. Qd4 $14 Qxd4 15. Rxd4) ({Predecessor:} 14. a3 e5 15. Rd2 Be6 16. Rfd1 {½-½ (16) Madl,I (2381)-Bagonyai,A (2371) Hungary 2008}) 14... b5 $11 15. a3 Bb7 16. f4 b4 17. axb4 Qxb4 {[%cal Rf6e4]} 18. Bf3 Qb6 (18... h6 $15) 19. b3 e5 20. fxe5 dxe5 21. Nd5 Bxd5 22. exd5 Qc5 23. c4 a5 24. Be4 a4 25. bxa4 (25. Rxf6 $11 gxf6 26. b4 Qxb4 27. Rf1) 25... Rxa4 $17 26. Rc1 Ra3 ({Black should play} 26... Rc8 $17 {[%cal Ra4c4]} 27. Bf5 Rxc4 28. Qxc4 Qxc4 29. Bxc8 Qxd5) 27. Qc2 $11 Rda8 28. Rcd1 (28. Bf3 $11 {remains equal.}) 28... Ra2 $36 {[%mdl 2048] Keeping White busy.} 29. Qb1 {Threatening d6.} Qe3 (29... Qxc4 $17 30. Rc1 Qa4) 30. Rxf6 $4 {[%mdl 8192] White does not recover from this.} (30. Rfe1 $11 {and White is okay.} Qf4 31. h3) 30... gxf6 $19 31. d6 {[#]} Ra1 $1 {[%cal Ra1b1][%mdl 64] Decoy} 32. Qxa1 (32. Bxa8 $142 Rxb1 33. Rxb1) 32... Rxa1 33. Rxa1 Qd4 (33... Qxe4 $142 34. h3 Qd4) 34. Bf3 (34. Re1 $19 Qxd6 35. Bd5) 34... Qxa1+ {Accuracy: White = 48%, Black = 52%.} 0-1

[Event "47th GER-ch Blitz 2020"]
[Site "Magdeburg"]
[Date "2020.08.15"]
[Round "1.12"]
[White "Frischmann, Rick"]
[Black "Siebarth, Raiko"]
[Result "1-0"]
[WhiteElo "2347"]
[BlackElo "2333"]
[Annotator "TA"]
[PlyCount "87"]
[EventDate "2020.07.28"]
[EventType "tourn"]
[EventCountry "GER"]
[SourceTitle "playchess.com"]
[Source "ChessBase"]
[SourceQuality "1"]

{[%evp 9,87,4,23,22,73,66,70,64,98,70,67,45,52,50,50,44,104,108,138,131,138,107,133,121,157,149,138,137,147,149,172,143,156,152,186,170,288,56,68,57,82,14,46,50,132,168,169,101,177,150,279,83,316,-504,-504,-511,-502,-444,327,317,275,287,278,-195,-196,-195,-191,-181,0,0,12843,12843,12844,12844,12845,12846,12846,12846,12846,12845]} 1. e4 c5 2. Nf3 d6 3. Bb5+ Nd7 4. Ba4 a6 5. c4 Qc7 6. O-O {[#] B51: Sicilian: Moscow Variation (3 Bb5+) without 3...Bd7.} e5 $146 (6... Ngf6 $11 {keeps the balance.}) ({Predecessor:} 6... Ngf6 7. d3 e6 8. Nc3 Be7 9. h3 O-O 10. Be3 b6 11. Qe2 Bb7 12. Bf4 Rfd8 {1-0 (57) Boulos,C (2137)-Azymah,R (1932) Noisiel 2020}) 7. Nc3 Ngf6 8. d3 {White is slightly better.} h6 9. a3 Be7 10. Bd2 O-O 11. b4 b6 12. Rb1 Bb7 (12... Rd8 $14) 13. Nh4 $16 Rfd8 14. Nf5 Bf8 15. f4 exf4 16. Bxf4 Ne5 {[#]} 17. Nxh6+ $1 {[%mdl 512]} gxh6 18. Bxe5 $1 {[%mdl 64] Discovered Attack} dxe5 19. Rxf6 Bg7 20. Rf5 cxb4 21. axb4 b5 22. Bb3 Qd6 (22... Bc8 $142) 23. Nd5 $2 ({Much less strong is} 23. cxb5 Rf8 $18) (23. c5 $18 Qd4+ 24. Kh1) 23... Bxd5 $1 $14 24. exd5 {Hoping for c5.} Qxb4 25. Qf3 (25. Kh1 $16) 25... bxc4 (25... e4 $5 26. Qxe4 Re8 $16) 26. dxc4 Qc5+ ({Better is} 26... Rab8 $1 $14) 27. Kh1 $16 Ra7 28. Rf1 (28. g4 $1 $18) 28... Rdd7 (28... a5 $16) 29. Qg4 Qd4 (29... a5 $16 {was necessary.} 30. Ba4 Re7) 30. Qh5 $2 (30. Qxd4 $18 exd4 31. c5) 30... Qd3 $2 {[#]} (30... Rab7 $16 31. Ba4 Rdc7) 31. c5 $4 {[%mdl 8192]} (31. R5f3 $1 $18 {[%cal Rf3d3] is the narrow road to win.} Qg6 32. Qh3) 31... Qxb3 $19 32. c6 Rxd5 33. Rxf7 Rxf7 $4 {[%mdl 8192]} (33... Qc4 $19 {and all is fine.} 34. Qg6 Rxf7 35. Qxf7+ Kh8) 34. Qxf7+ $18 Kh8 {Threatens to win with ...Rd1.} 35. c7 Qc4 {[#] ...Rc5 is the strong threat.} 36. Qe8+ $4 {[%mdl 8192] [#]} (36. c8=R+ $1 $18 {[%mdl 512] and life is good for White.} Qxc8 37. Qxd5) 36... Kh7 $1 $19 {[%cal Rc4f1]} 37. Qf7 {aiming for Qf5+.} Rc5 {( -> ...Qxf7)} 38. Qf5+ Kg8 $2 ({Black should try} 38... Kh8 $19 39. Rd1 Qg8) 39. Rd1 {White threatens Rd8+ and mate.} Qd4 $2 {[%mdl 8192]} (39... Bf8 $11 40. Qg6+ Kh8 41. Qf6+ Kg8 42. Qg6+ Kh8 43. Qf6+ Kg8 44. Qg6+) 40. c8=Q+ $18 {White is clearly winning.} Rxc8 41. Qxc8+ {[%mdl 64] Double Attack} Kh7 42. Rxd4 exd4 43. Qxa6 Kg8 44. Qd3 {Accuracy: White = 46%, Black = 31%.} 1-0

[Event "47th GER-ch Blitz 2020"]
[Site "Magdeburg"]
[Date "2020.08.15"]
[Round "1.13"]
[White "Meier, Georg"]
[Black "Schneider, Ilja"]
[Result "1-0"]
[WhiteElo "2621"]
[BlackElo "2479"]
[Annotator "TA"]
[PlyCount "63"]
[EventDate "2020.07.28"]
[EventType "tourn"]
[EventCountry "GER"]
[SourceTitle "playchess.com"]
[Source "ChessBase"]
[SourceQuality "1"]

{[%evp 10,63,22,6,39,14,14,3,8,10,14,16,28,0,0,0,0,-14,0,0,7,2,34,22,18,16,44,13,79,79,79,79,80,81,81,71,134,76,205,193,275,281,270,266,279,279,481,473,685,727,717,728,716,701,745,650]} 1. Nf3 Nf6 2. g3 d5 3. Bg2 c6 4. O-O Bg4 5. h3 Bxf3 6. Bxf3 e6 {A07: Réti Opening: New York and Capablanca Systems.} 7. d3 Bc5 8. Nd2 O-O {The position is equal.} 9. Bg2 Nbd7 10. e3 {[#]} Qe7 $146 ({Predecessor:} 10... a5 11. c4 a4 12. Qc2 Qe7 13. Nf3 Rfc8 14. Bd2 Bb4 15. Rac1 Bxd2 16. Qxd2 Qd8 {½-½ (44) Fressinet,L (2700)-Wojtaszek,R (2727) Huaian 2016}) 11. Qe2 a5 12. a4 Rfd8 13. h4 e5 14. e4 dxe4 15. dxe4 Nf8 16. Nc4 Ne6 17. c3 Nd7 18. Bh3 Bd6 (18... Nb6 $11) 19. Nxd6 $16 Qxd6 20. Rd1 Qe7 21. Be3 Ndc5 22. Qc4 h6 {[#]} (22... Rxd1+ $142 23. Rxd1 h5) 23. Kg2 ({Better is} 23. Rxd8+ $1 Rxd8 24. b4 axb4 25. Qxb4) 23... Na6 {This costs Black the game.} (23... Rxd1 $16 24. Rxd1 h5) 24. Bxe6 $1 $18 Qxe6 (24... fxe6 {was worth a try.} 25. Bb6 Rxd1 26. Rxd1 Kh7) 25. Qxe6 fxe6 26. Bb6 Rxd1 27. Rxd1 {KRB-KRN} Rc8 $2 {[#]} (27... Rf8 {might work better.} 28. Bxa5 Rf7) 28. Rd7 {White is clearly winning.} Nb8 (28... Rb8 $142 29. Ba7 Rf8 30. Rxb7 Rf7 31. Rxf7 Kxf7) 29. Rxb7 c5 30. Bxa5 Nc6 31. Bb6 Ra8 32. Rc7 {Accuracy: White = 86%, Black = 43%.} 1-0

[Event "47th GER-ch Blitz 2020"]
[Site "Magdeburg"]
[Date "2020.08.15"]
[Round "1.14"]
[White "Koch, Thomas"]
[Black "Svane, Frederik"]
[Result "0-1"]
[WhiteElo "2461"]
[BlackElo "2421"]
[Annotator "TA"]
[PlyCount "74"]
[EventDate "2020.07.28"]
[EventType "tourn"]
[EventCountry "GER"]
[SourceTitle "playchess.com"]
[Source "ChessBase"]
[SourceQuality "1"]

{[%evp 18,74,10,0,0,0,0,0,0,0,-1,-8,0,-47,0,0,-3,-6,6,-56,-52,-68,-75,-118,-93,-155,-143,-243,-234,-317,-318,-318,-313,-394,-382,-381,-384,-400,-395,-436,-433,-462,-427,-519,-387,-1166,-1167,-1299,-1318,-1286,-1289,-1357,-1337,-1022,-774,-754,-573,-570,-611]} 1. d4 Nf6 2. c4 e6 3. Nf3 b6 4. g3 Bb4+ 5. Bd2 Be7 6. Bg2 c6 7. O-O O-O 8. Qc2 d5 9. Bf4 Bb7 10. Nbd2 Nh5 {E06: Closed Catalan: Early deviations.} 11. Be3 Nf6 12. Rac1 Nbd7 {The position is equal.} 13. Rfd1 Rc8 {[#]} 14. Bg5 $146 ({Predecessor:} 14. Bf4 c5 15. dxc5 Bxc5 16. Nb3 Be7 17. Qd3 Ba6 18. Nbd2 Nh5 19. Be3 Qc7 20. Qb1 dxc4 21. Nxc4 Bxc4 22. b3 b5 {½-½ (22) Oussedik,M (2366)-Grabarczyk,M (2447) Lueneburg 2017}) 14... h6 15. Bf4 Nh5 16. Ne5 Nxf4 17. gxf4 c5 18. Nxd7 (18. cxd5 $11 exd5 19. Qf5 Nxe5 20. dxe5) 18... Qxd7 $15 19. Nf3 cxd4 {White is on the road to losing.} 20. Rxd4 Bf6 21. Rdd1 (21. Ne5 $142 Qc7 22. Qd1) 21... Qc7 $36 {[%mdl 2048] White is under strong pressure.} 22. Qa4 (22. Ne5 $17) 22... dxc4 23. Rd7 Qxf4 24. e3 {[#]} Qb8 $1 {...Bc6 is the strong threat.} 25. Qc2 {intending Rxb7.} Bc6 26. Rdd1 b5 27. Qe2 Rfd8 28. Rxd8+ Rxd8 ({Less strong is} 28... Bxd8 29. b3 $19) 29. h3 Qd6 30. a3 Qd3 31. Qe1 $2 (31. Qxd3 Rxd3 32. Ne1 Bxg2 33. Nxd3 Bxh3 34. Ne1) 31... Bxb2 $19 {Black is clearly winning.} 32. Rb1 Bxf3 33. Bxf3 c3 34. Be2 Qd2 35. Qf1 c2 36. Rxb2 c1=Q {[#] ( -> ...Qxf1+)} 37. Rxd2 Qxf1+ {Accuracy: White = 40%, Black = 83%.} 0-1

[Event "47th GER-ch Blitz 2020"]
[Site "Magdeburg"]
[Date "2020.08.15"]
[Round "1.15"]
[White "Svane, Rasmus"]
[Black "Reichmann, Hendrik"]
[Result "1-0"]
[WhiteElo "2613"]
[BlackElo "2348"]
[Annotator "TA"]
[PlyCount "83"]
[EventDate "2020.07.28"]
[EventType "tourn"]
[EventCountry "GER"]
[SourceTitle "playchess.com"]
[Source "ChessBase"]
[SourceQuality "1"]

{[%evp 12,83,27,27,29,25,31,20,14,20,22,26,32,16,49,25,46,25,51,26,43,41,41,29,45,30,65,64,71,41,55,30,35,29,46,42,49,41,52,51,106,40,27,33,37,46,43,54,52,0,63,5,125,128,252,184,169,172,198,180,312,300,316,298,305,266,273,259,979,968,29976,29977,29976,29977]} 1. Nf3 g6 2. g3 Bg7 3. d4 d6 4. Bg2 Nf6 5. O-O O-O 6. Re1 Nc6 7. d5 Nb8 {seems to push 7...Nb4 aside. A49: 1 d4 Nf6 2 Nf3 g6 3 g3: Anti-King's Indian systems.} 8. c4 e5 9. dxe6 fxe6 {The position is equal.} 10. Nc3 Nc6 {[#]} 11. Be3 $146 ({Predecessor:} 11. Bg5 Qe8 12. Qd2 Ng4 13. h3 Nge5 14. b3 Nxf3+ 15. Bxf3 Nd4 16. Bg2 Qf7 17. Rf1 {0-1 (31) Ros,A-Hoiberg,N (2290) Copenhagen 1996}) 11... Ng4 12. Bg5 Bf6 13. Bf4 Nge5 14. Nxe5 Bxe5 15. Be3 Bd7 16. Qd2 Bg7 17. Rac1 a6 18. Red1 Qe7 19. Ne4 Rab8 20. h4 Ne5 21. Bd4 Bc6 22. b3 Rf5 23. Ng5 Bxg2 24. Kxg2 h6 25. Nh3 Rbf8 (25... b6 $14) 26. Bxe5 (26. c5 $16) 26... Rxe5 $14 27. Qd3 Qf7 28. e4 g5 29. hxg5 hxg5 30. Rh1 (30. g4 $14) 30... c6 ({Black should try} 30... Qg6 $11) 31. Rcf1 (31. f3 $14) 31... d5 {[#]} (31... Qg6 $11) 32. exd5 $1 $16 Rf5 (32... exd5 $16 {was called for.} 33. Nxg5 Qf5 34. Qxf5 Rexf5) 33. dxe6 Qxe6 34. Re1 Qf7 35. Re2 ({Don't take} 35. Nxg5 $6 Rxf2+ 36. Kg1 Qf5 $16) 35... g4 (35... Qg6 $142 36. Qe4 R5f6) 36. Nf4 $18 Be5 {[#]} 37. Re4 $1 Bxf4 38. Rxf4 Rxf4 39. gxf4 $40 {[%mdl 128] White attacks with force.} Re8 $2 (39... Qf5 40. Qxf5 Rxf5) 40. Rh6 Re6 41. Qd8+ Re8 42. Qg5+ {[%mdl 64] Double Attack. Accuracy: White = 80%, Black = 47%.} 1-0

[Event "47th GER-ch Blitz 2020"]
[Site "Magdeburg"]
[Date "2020.08.15"]
[Round "2.1"]
[White "Donchenko, Alexander"]
[Black "Reichmann, Hendrik"]
[Result "1-0"]
[WhiteElo "2646"]
[BlackElo "2348"]
[Annotator "TA"]
[PlyCount "80"]
[EventDate "2020.07.28"]
[EventType "tourn"]
[EventCountry "GER"]
[SourceTitle "playchess.com"]
[Source "ChessBase"]
[SourceQuality "1"]

{[%evp 16,80,39,14,4,3,4,7,44,0,10,0,14,0,0,-19,-8,-28,-8,-19,0,0,-6,-6,-3,-7,0,0,6,10,17,4,27,37,27,-14,27,14,19,0,0,0,5,0,20,0,23,36,90,0,31,-369,62,48,476,0,0,-529,-514,-824,-524,-1267,-564,-926,-515,-919,-535]} 1. Nf3 g6 2. d4 Bg7 3. g3 d6 4. Bg2 Nf6 5. O-O O-O 6. b3 c5 7. c4 cxd4 8. Nxd4 d5 9. Bb2 e5 {A49: 1 d4 Nf6 2 Nf3 g6 3 g3: Anti-King's Indian systems.} 10. Nf3 $1 {The main line 10.Nf3 scores better than 10.Nc2.} e4 11. Nd4 Nc6 {The position is equal.} 12. cxd5 Qxd5 13. Nxc6 Qxc6 {[#]} 14. Qc1 $146 ({Predecessor:} 14. Na3 Bf5 15. Rc1 Qe6 16. Rc4 Rfd8 17. Qc1 h5 18. Nb5 Rac8 19. Rxc8 Rxc8 20. Qa1 {1-0 (45) Jovanovic,D (2375)-Weinzettl,E (2274) Austria 2017}) 14... Qa6 15. Qc4 Qxc4 16. bxc4 Be6 17. Nd2 {[#]} e3 $1 {[%mdl 512]} 18. fxe3 Ng4 19. Bxg7 Kxg7 20. Rfc1 Rad8 21. Nf1 b6 22. c5 bxc5 23. Rxc5 Rd6 24. h3 Nf6 25. e4 Rb8 26. e5 $36 {[%mdl 2048] White has good play.} Nd7 27. exd6 Nxc5 28. Rc1 Nd7 29. Rc7 Rb6 30. h4 Rxd6 31. Rxa7 Bc4 {[#]} (31... Ne5 $14) 32. a4 (32. Kf2 $1 $16) 32... Ne5 33. Bf3 $2 {[%mdl 8192]} (33. Ra5 $14 {keeps the upper hand.} Kf6 34. Kf2) 33... Ba6 $2 (33... Nxf3+ $19 34. exf3 Rd1) 34. Ne3 $14 Bxe2 $2 {[%mdl 8192]} (34... Rb6 $14) 35. Bd5 $2 (35. Bxe2 $18 Rd2 36. Kf1) 35... Bf3 $11 36. a5 $2 {[%mdl 8192]} (36. Ra5 $11) 36... Bxd5 $19 {Black is clearly winning.} 37. Kf2 (37. Nxd5 $142 Rxd5 38. Ra8) 37... Nc6 38. Ke2 Re6 39. Ra8 Re7 {And now ...Nd4+ would win.} 40. a6 (40. Kf2 $142 Be4 41. g4) 40... f5 {[%mdl 32768] Accuracy: White = 47%, Black = 51%. . Loss on time!?} 1-0

[Event "47th GER-ch Blitz 2020"]
[Site "Magdeburg"]
[Date "2020.08.15"]
[Round "2.2"]
[White "Svane, Frederik"]
[Black "Svane, Rasmus"]
[Result "0-1"]
[WhiteElo "2421"]
[BlackElo "2613"]
[Annotator "TA"]
[PlyCount "86"]
[EventDate "2020.07.28"]
[EventType "tourn"]
[EventCountry "GER"]
[SourceTitle "playchess.com"]
[Source "ChessBase"]
[SourceQuality "1"]

{[%evp 10,86,27,29,27,28,23,2,52,54,39,4,11,2,-4,-14,-3,-10,-16,-22,0,-22,0,0,-12,-9,-12,-16,-14,-37,-29,-65,-52,-144,-45,-81,-79,-205,-142,-281,-129,-225,-224,-238,-214,-315,-135,-177,-145,-237,-233,-284,-314,-308,-303,-310,-299,-293,-295,-275,-268,-262,-257,-314,-283,-373,-329,-372,-381,-329,-358,-495,-491,-660,-639,-1032,-993,-1372,-1280]} 1. e4 c6 2. Nf3 d5 3. Nc3 dxe4 4. Nxe4 Nf6 5. Qe2 Nxe4 6. Qxe4 Qa5 {B11: Caro-Kann: Two Knights Variation.} 7. Qf4 Qf5 8. Qe3 g6 $5 {[%mdl 4] The position is equal. An interesting side line.} (8... Qxc2 {keeps more tension.} 9. Bd3 Qa4 10. b3 Qb4 11. O-O Nd7) 9. Qc3 Qf6 10. Qxf6 (10. d4 {is interesting.} Bg7 11. Bd3 Qd6 12. O-O O-O 13. Re1) 10... exf6 11. Bc4 {[#]} Be6 $146 ({Predecessor:} 11... Nd7 12. O-O Bd6 13. Re1+ Kf8 14. d4 Kg7 15. Bb3 Rd8 16. Bd2 Nf8 17. h3 Bf5 {0-1 (71) Svane,F (2421)-Svane,R (2613) chess.com INT 2020}) 12. Bb3 Na6 13. O-O Nb4 14. Ne1 O-O-O {[#]} 15. d4 $1 {[%mdl 512]} Bd6 ({Not} 15... Rxd4 16. c3 $16) 16. c3 Nd5 17. Nd3 Rhe8 18. Bd2 Bf5 19. Nc1 Re7 20. Bd1 Rde8 $36 {[%mdl 2048] Black is more active.} 21. Bf3 {[#]} (21. Bb3 $15) 21... Bf4 ({Better is} 21... Nb6 $1 $17 22. Bh6 Na4) 22. Bxf4 Nxf4 23. Nb3 {This move loses the game for White.} (23. h4 $17) 23... Nd3 24. Rab1 (24. Nc5 $17 {might work better.}) 24... g5 (24... Ne1 $19 {is more deadly.} 25. Rd1 Nxf3+ 26. gxf3 Bh3) 25. g4 {[#]} (25. h3 $17 {was worth a try.}) 25... Bg6 $1 $19 26. Nd2 Kc7 27. b4 (27. Ra1 $142) 27... b6 (27... Nf4 $19 {has better winning chances.} 28. Rbd1 Bd3) 28. Rbd1 h6 29. Nb3 (29. Nc4 $17 {is a better defense.}) 29... Nf4 30. Nc1 f5 31. gxf5 Bxf5 32. a4 Bh3 33. b5 cxb5 ({But not} 33... Bxf1 34. Kxf1 cxb5 35. axb5 $19) 34. axb5 Bxf1 35. Kxf1 Re6 36. Nb3 h5 37. d5 Rd6 38. Nd4 g4 39. Bh1 Rf6 40. Ra1 Nd3 {Black is clearly winning.} 41. Rxa7+ Kd6 42. Ra2 Re1+ 43. Kg2 h4 {Accuracy: White = 41%, Black = 72%.} 0-1

[Event "47th GER-ch Blitz 2020"]
[Site "Magdeburg"]
[Date "2020.08.15"]
[Round "2.3"]
[White "Schneider, Ilja"]
[Black "Koch, Thomas"]
[Result "0-1"]
[WhiteElo "2479"]
[BlackElo "2461"]
[Annotator "TA"]
[PlyCount "185"]
[EventDate "2020.07.28"]
[EventType "tourn"]
[EventCountry "GER"]
[SourceTitle "playchess.com"]
[Source "ChessBase"]
[SourceQuality "1"]

{[%evp 13,185,23,27,-7,10,-24,-24,-21,-13,-8,-10,-13,-15,-19,-8,-11,-4,-30,-29,-19,0,-14,-13,-41,-23,-22,-8,-49,-48,-35,-16,-27,-21,-13,-14,-12,-13,-14,-15,-37,-33,-49,-39,-100,-82,-97,0,-92,0,0,6,-45,0,0,0,0,-2,-44,-35,-103,-20,-145,-143,-149,-147,-147,-64,-86,-2,-11,0,-45,-49,-55,0,-57,-52,-79,-83,-85,-83,-123,-97,-154,-147,-150,-107,-113,-75,-157,-82,-81,-42,-68,0,-80,-84,-82,-80,-89,0,-83,0,-88,-88,-89,-88,-142,-142,-210,0,-114,-112,-121,-125,-164,-134,-168,-151,-150,-122,-126,-103,-137,-143,-146,-98,-93,-62,-89,-27,-130,-69,-94,-45,-79,-70,-91,0,0,0,-76,-76,-79,-35,-35,-35,-35,-35,-79,-36,-84,-76,-100,-100,-126,0,0,0,0,0,0,0,0,0,0,0,0,0,0,0,0,29983,29984]} 1. e4 c5 2. c3 d5 3. exd5 Qxd5 4. Nf3 Nf6 5. Na3 Qd8 6. Nc2 e6 7. d4 Be7 (7... Nc6 8. Be2 Be7 9. O-O O-O 10. Be3 cxd4 11. Nfxd4 Bd7 12. Bf3 Ne5 13. Be2 Rc8 14. Nf3 Nc6 15. Ncd4 Nxd4 16. Bxd4 a6 17. Ne5 Qc7 18. Nxd7 Nxd7 {½-½ (75) Schneider,I (2494)-Koch,T (2474) Magdeburg 2019}) 8. Be3 {B22: Sicilian: 2 c3.} cxd4 9. Qxd4 (9. Ncxd4 {seems wilder.} O-O 10. Bd3 Nbd7 11. Bf4 Nh5 12. Bd2) 9... O-O 10. Qxd8 {Black has an edge.} Rxd8 {[#]} 11. Be2 $146 ({Predecessor:} 11. Ncd4 Bd7 12. Ne5 Be8 13. Be2 Nd5 14. Bd2 Bf6 15. Ndf3 Nc6 16. Nxc6 Bxc6 17. O-O {0-1 (89) Levin,F-Sokolov,A Nikolaev 1983}) 11... Nc6 12. O-O Nd5 13. Bd2 Bd7 14. Rfd1 Rac8 15. Nfd4 Nxd4 16. Nxd4 a6 17. Bf3 Be8 18. Kf1 Bf6 19. Nb3 Bb5+ 20. Be2 Bxe2+ 21. Kxe2 b6 22. Rac1 Rc4 23. Be3 h5 $36 {[%mdl 2048] Black is more active.} 24. Nd2 Rcc8 25. Ne4 Be7 26. Bd2 b5 27. g3 f6 28. b3 (28. f4 $15) 28... Ba3 29. Rb1 Be7 30. Rbc1 $1 Kf7 ({Better is} 30... f5 $17 31. Ng5 Ba3) 31. c4 $11 bxc4 32. Rxc4 (32. Ba5 $11 Rh8 33. bxc4) 32... Rxc4 (32... f5 $5 {[%cal Rf5e4]} 33. Rdc1 Rxc4 34. bxc4 fxe4 35. cxd5 exd5 $15) 33. bxc4 Nb6 34. c5 Nd5 35. Ba5 Rc8 36. Rc1 ({White should play} 36. Kd3 $15) 36... Rc6 (36... f5 $17 37. Nd2 Rxc5 38. Rxc5 Bxc5) 37. a3 (37. f4 $11) 37... f5 $17 38. Nd6+ Bxd6 39. cxd6 Rxd6 {[%mdl 4096] Endgame KRB-KRN} (39... Rxc1 $17 40. d7 Nc3+ 41. Ke3 Re1+ 42. Kf3 Rd1) 40. Rc8 Ne7 (40... g5 $17) 41. Rc7 $11 Ke8 42. Bb4 Rd7 43. Rc4 Nd5 (43... Kf7 $15) 44. Bd2 (44. Rc6 $11) 44... Rc7 $15 45. Ra4 Rc6 46. Rd4 Ke7 47. Rd3 Kd6 48. Bb4+ (48. Rd4 $142) 48... Ke5 $17 49. Bd2 Kf6 50. Rb3 e5 51. h4 (51. Rb8 $142) 51... Ke6 (51... Rb6 $142 $1 {[%cal Rb6b3]} 52. Rxb6+ Nxb6) 52. Rb7 Rc7 53. Rb8 g6 (53... Ke7 $15) 54. Ra8 (54. Re8+ $1 $11 Ne7 55. Bg5) 54... Rc6 $1 55. Rg8 Ne7 56. Ra8 Nd5 57. Rg8 $1 Ne7 (57... Kf7 {keeps more tension.} 58. Ra8 Ke7 59. a4 Kd6 60. Rb8 Kc5) 58. Ra8 Kd5 59. Re8 Re6 60. Rd8+ (60. Kd3 $142) 60... Kc4 61. Re8 (61. Rd7 $17) 61... Kd5 (61... Nc6 $1 $19 62. Rxe6 Nd4+ {[%mdl 64] Double Attack} 63. Kd1 Nxe6) 62. Rd8+ Rd6 63. Re8 Nc6 64. Ra8 Nd4+ 65. Kf1 Nc2 66. Ke2 Rc6 67. Rd8+ Ke6 68. a4 Nd4+ 69. Kd3 Nb3 70. Be3 e4+ 71. Ke2 Nc5 (71... Na5 $17) 72. a5 {[#]} (72. Bxc5 $1 $11 Rxc5 73. Re8+ Kd5 74. Rd8+ Ke6 75. Re8+ Kf7 76. Rb8) 72... Nd3 (72... Nb7 $1 $17 {[%cal Rb7d8]} 73. Re8+ Kd7) 73. Bb6 Nb4 74. Rg8 Kd5 75. Ke3 {[#]} Rc3+ (75... Kc4 $1 $17 76. Rb8 Nd5+ 77. Kd2 Kb5 78. Bd8+ Ka4) 76. Ke2 $11 Rc2+ 77. Kd1 (77. Ke3 $1 $11 {remains equal.}) 77... Rc6 $17 78. Ke2 Ke5 79. Re8+ Re6 80. Ra8 Kd5 81. Rd8+ Rd6 82. Ra8 Kc6 83. Ke3 Nd5+ 84. Ke2 Nxb6 ({Black should try} 84... Kb5 $17 85. Bd8 Rc6 86. Rb8+ Ka4) 85. Rxa6 $11 {[%mdl 64] Pin} Kb7 86. Rxb6+ Rxb6 87. axb6 Kxb6 {KP-KP} 88. Ke3 {Kf4 is the strong threat.} Kc5 {Threatens to win with ...Kc4.} (88... Kc6 $5) 89. Kf4 $1 {[%cal Rf4g5] Strongly threatening Kg5.} Kd4 {Hoping for ...Kd3.} (89... Kd6 $5) 90. Kg5 e3 91. fxe3+ Kxe3 92. Kxg6 Kf3 $2 {[%mdl 8192]} (92... f4 $11 93. gxf4 Kxf4 94. Kxh5 Kf5) 93. Kxf5 {[%mdl 32768] A wild game. Accuracy: White = 56%, Black = 66%. . Sensor Board Error (Ke4/e5)?} 0-1